| 000 | 00643cam a22001691 4500 | ||
|---|---|---|---|
| 082 |
_a531.54 _bFEY _cL-6, P-92 |
||
| 100 | 1 |
_aFeynman, Richard P. _939883 |
|
| 245 | 1 | 4 |
_aThe character of physical law _c[by] Richard Feynman. |
| 260 |
_a[London] _bBritish Broadcasting Corp. _c[1965] |
||
| 300 |
_a173 p. _billus. _c20 cm. |
||
| 500 | _a"A series of lectures recorded by the BBC at Cornell University, U.S.A., and televised on BBC-2." | ||
| 500 | _aLectures [originally] presented as the Messenger lectures at Cornell University." | ||
| 526 |
_a0 _b0 _c0 _d531_540000000000000_FEY |
||
| 650 | 0 |
_aMCE _9379 |
|
| 650 | 0 | _aPhysics. | |
| 942 |
_2ddc _cBK |
||
| 999 |
_c544290 _d544290 |
||